[Event "Serpukhov-H"]
[Site "Serpukhov"]
[Date "2003.??.??"]
[Round "7"]
[White "Aliabiev, Boris"]
[Black "Novichkov, Vadim"]
[Result "0-1"]
[WhiteElo "2168"]
[BlackElo "2420"]
[PlyCount "86"]
[EventDate "2003.??.??"]
[EventType "tourn"]
[EventRounds "11"]
[EventCountry "RUS"]
[EventCategory "2"]
[SourceTitle "EXT 2005"]
[Source "ChessBase"]
[SourceDate "2004.11.15"]
[SourceVersion "1"]
[SourceVersionDate "2004.11.15"]
[SourceQuality "1"]

1. d4 Nf6 2. c4 e6 3. Nc3 Bb4 4. Qc2 0-0 5. f3 d5 6. a3 Bxc3+ 7. Qxc3 c5 8. dxc5 d4 9. Qc2 a5 10. e3 Nc6 11. Bd3 Nd7 12. Nh3 Nxc5 13. 0-0 Nxd3 14. Qxd3 e5 15. Nf2 a4 16. Bd2 Qf6 17. b4 axb3 18. Qxb3 dxe3 19. Bxe3 Nd4 20. Qb2 Rd8 21. Rfd1 Bf5 22. Rd2 Nc2 23. Rxc2 Bxc2 24. Qxc2 e4 25. Rf1 exf3 26. Ne4 Qg6 27. Rxf3 Rxa3 28. Nf6+ gxf6 29. Rg3 Qxg3 30. hxg3 Rxe3 31. Qb2 Rxg3 32. Qxf6 Rd2 33. Qb6 Rgxg2+ 34. Kf1 Rh2 35. Ke1 Kg7 36. Qc5 Kg6 37. Qb6+ f6 38. Qxb7 Rb2 39. Qe4+ f5 40. Qe8+ Kg5 41. Qd8+ Kg4 42. Qd4+ Kh5 43. Qd1+ Rbe2+ 0-1

[Event "Serpukhov-H"]
[Site "Serpukhov"]
[Date "2003.??.??"]
[Round "2"]
[White "Markosian, David S"]
[Black "Aliabiev, Boris"]
[Result "1-0"]
[WhiteElo "2439"]
[BlackElo "2168"]
[PlyCount "97"]
[EventDate "2003.??.??"]
[EventType "tourn"]
[EventRounds "11"]
[EventCountry "RUS"]
[EventCategory "2"]
[SourceTitle "EXT 2005"]
[Source "ChessBase"]
[SourceDate "2004.11.15"]
[SourceVersion "1"]
[SourceVersionDate "2004.11.15"]
[SourceQuality "1"]

1. e4 e5 2. Nf3 Nf6 3. d3 Nc6 4. Be2 d5 5. Nbd2 Be7 6. 0-0 0-0 7. c3 h6 8. b4 a6 9. Bb2 Be6 10. Re1 Qd7 11. Bf1 Rad8 12. a3 dxe4 13. dxe4 Nh5 14. Nc4 Qe8 15. Qc2 f6 16. Ne3 Nf4 17. g3 Qh5 18. gxf4 exf4 19. Ng2 Ne5 20. Nxe5 fxe5 21. Red1 f3 22. Ne3 g6 23. Rxd8 Bxd8 24. Bd3 Bg5 25. Nf5 Bxf5 26. exf5 Bf4 27. Kf1 Rxf5 28. Bc1 Rg5 29. Qb3+ Kf8 30. Bxf4 Qh3+ 31. Ke1 exf4 32. Kd2 Qxh2 33. Rf1 Rg2 34. Ke1 Qh4 35. Qe6 Qd8 36. Bc4 Qe7 37. Qxe7+ Kxe7 38. Bd5 b6 39. Bxf3 Rg5 40. Rh1 h5 41. Rh4 Rf5 42. Be4 Rf6 43. Ke2 Ke6 44. Rh1 Ke5 45. f3 c5 46. Rg1 cxb4 47. axb4 a5 48. bxa5 bxa5 49. Rg5+ 1-0

[Event "Serpukhov-H"]
[Site "Serpukhov"]
[Date "2003.??.??"]
[Round "6"]
[White "Tamaev, Taimuraz"]
[Black "Aliabiev, Boris"]
[Result "1/2-1/2"]
[WhiteElo "2290"]
[BlackElo "2168"]
[PlyCount "111"]
[EventDate "2003.??.??"]
[EventType "tourn"]
[EventRounds "11"]
[EventCountry "RUS"]
[EventCategory "2"]
[SourceTitle "EXT 2005"]
[Source "ChessBase"]
[SourceDate "2004.11.15"]
[SourceVersion "1"]
[SourceVersionDate "2004.11.15"]
[SourceQuality "1"]

1. d4 Nf6 2. Nf3 g6 3. c4 Bg7 4. Nc3 d5 5. e3 0-0 6. cxd5 Nxd5 7. Be2 c5 8. 0-0 Nc6 9. Qb3 Nxc3 10. bxc3 Na5 11. Qb5 cxd4 12. cxd4 a6 13. Qd3 b5 14. Ba3 Nc4 15. Bc5 Bb7 16. a4 Qd7 17. axb5 axb5 18. Qb3 Ba6 19. Qb4 Rfe8 20. Ra2 e5 21. dxe5 Nxe5 22. Rd2 Qf5 23. Nd4 Qe4 24. Nxb5 Qxb4 25. Bxb4 Red8 26. Rxd8+ Rxd8 27. Nd4 Rxd4 28. exd4 Bxe2 29. Ra1 Nd7 30. Ra8+ Bf8 31. Rd8 Bb5 32. f3 Kg7 33. Bxf8+ Nxf8 34. d5 g5 35. Kf2 Ng6 36. Ke3 Kf6 37. Kd4 h5 38. Rb8 Bf1 39. Rb6+ Kf5 40. g3 Bg2 41. g4+ hxg4 42. fxg4+ Kxg4 43. Rf6 Nf4 44. d6 Bc6 45. Rxf7 Ng6 46. Kc5 Be8 47. Rf1 Nf4 48. Rg1+ Kf5 49. Kb6 Ne6 50. Rf1+ Ke5 51. h4 g4 52. Rg1 Kf5 53. Kb7 Bd7 54. h5 Kg5 55. h6 Kxh6 56. Rxg4 1/2-1/2

[Event "Moscow-ch 1/2 final"]
[Site "Moscow"]
[Date "2002.??.??"]
[Round "8"]
[White "Aliabiev, Boris"]
[Black "Ivanov, Victor L"]
[Result "1/2-1/2"]
[WhiteElo "2146"]
[BlackElo "2146"]
[PlyCount "65"]
[EventDate "2002.03.??"]
[EventType "swiss"]
[EventRounds "11"]
[EventCountry "RUS"]
[SourceTitle "EXT 2003"]
[Source "ChessBase"]
[SourceDate "2002.11.25"]
[SourceVersion "1"]
[SourceVersionDate "2002.11.25"]
[SourceQuality "1"]

1. d4 d5 2. Nf3 Nf6 3. c4 c6 4. e3 Bf5 5. Qb3 Qc7 6. cxd5 cxd5 7. Nc3 e6 8. Bd2 Nc6 9. Rc1 Be7 10. Ne5 0-0 11. f4 Ne4 12. Bd3 Nxe5 13. fxe5 Nxd2 14. Kxd2 Bxd3 15. Kxd3 Qc6 16. Qb5 Rfc8 17. Qxc6 Rxc6 18. Ne2 Rac8 19. Rxc6 Rxc6 20. Rc1 Rxc1 21. Nxc1 f6 22. e4 dxe4+ 23. Kxe4 f5+ 24. Kd3 Kf7 25. Kc4 Bd8 26. Nd3 Bb6 27. b4 g5 28. h4 h6 29. h5 Ke7 30. a4 a6 31. Nf2 g4 32. Nd3 Kd7 33. Nf4 1/2-1/2

[Event "Moscow-ch 1/2 final"]
[Site "Moscow"]
[Date "2002.??.??"]
[Round "10"]
[White "Aliabiev, Boris"]
[Black "Leontiev, Aleksandr V"]
[Result "0-1"]
[WhiteElo "2146"]
[BlackElo "2343"]
[PlyCount "50"]
[EventDate "2002.03.??"]
[EventType "swiss"]
[EventRounds "11"]
[EventCountry "RUS"]
[SourceTitle "EXT 2003"]
[Source "ChessBase"]
[SourceDate "2002.11.25"]
[SourceVersion "1"]
[SourceVersionDate "2002.11.25"]
[SourceQuality "1"]

1. d4 Nf6 2. c4 g6 3. Nc3 d5 4. cxd5 Nxd5 5. e4 Nxc3 6. bxc3 Bg7 7. Bc4 c5 8. Ne2 Nc6 9. Be3 0-0 10. Rc1 cxd4 11. cxd4 Qa5+ 12. Kf1 Bd7 13. h4 Rfc8 14. h5 e5 15. hxg6 hxg6 16. d5 Nd4 17. Nxd4 exd4 18. Bxd4 Rxc4 19. Bxg7 Qa6 20. Kg1 Kxg7 21. Rxc4 Qxc4 22. Qa1+ f6 23. e5 Rf8 24. e6 Ba4 25. e7 Rc8 0-1

[Event "Moscow-ch 1/2 final"]
[Site "Moscow"]
[Date "2002.??.??"]
[Round "5"]
[White "Maksimov, Igor"]
[Black "Aliabiev, Boris"]
[Result "0-1"]
[WhiteElo "2119"]
[BlackElo "2146"]
[PlyCount "89"]
[EventDate "2002.03.??"]
[EventType "swiss"]
[EventRounds "11"]
[EventCountry "RUS"]
[SourceTitle "EXT 2003"]
[Source "ChessBase"]
[SourceDate "2002.11.25"]
[SourceVersion "1"]
[SourceVersionDate "2002.11.25"]
[SourceQuality "1"]

1. e4 e5 2. Nf3 Nf6 3. Nc3 Nc6 4. Bc4 Nxe4 5. Bxf7+ Kxf7 6. Nxe4 d5 7. Nfg5+ Kg6 8. Qf3 Qd7 9. h4 h5 10. Ng3 e4 11. Qd1 Qg4 12. Qxg4 Bxg4 13. f3 exf3 14. gxf3 Re8+ 15. Kd1 Bd7 16. d3 Bc5 17. Ne2 Kf5 18. c3 Ne7 19. d4 Bb6 20. Nf7 Rh7 21. Ne5 Bc8 22. Ng3+ Ke6 23. Re1 Nf5 24. Nd3+ Kf7 25. Ne5+ Kg8 26. Nxf5 Bxf5 27. Be3 c5 28. Kd2 cxd4 29. Bxd4 Bd8 30. Rh1 g6 31. Rag1 Re6 32. Rh2 b5 33. a3 Bc7 34. f4 Rhe7 35. Rhg2 Kh7 36. Ra1 Bd6 37. Ke3 Rb7 38. b4 Bc7 39. Kf2 Be4 40. Rh2 Bd8 41. Kg3 a5 42. Rha2 a4 43. Rh2 Bf6 44. Rd1 Bd8 45. Rhd2 0-1

[Event "Geller Memorial op"]
[Site "Moscow"]
[Date "2001.??.??"]
[Round "1"]
[White "Aliabiev, Boris"]
[Black "Mesropov, Konstantin Eduard"]
[Result "0-1"]
[WhiteElo "2146"]
[BlackElo "2420"]
[PlyCount "74"]
[EventDate "2001.10.26"]
[EventType "swiss"]
[EventRounds "9"]
[EventCountry "RUS"]
[SourceTitle "EXT 2002"]
[Source "ChessBase"]
[SourceDate "2001.11.25"]
[SourceVersion "1"]
[SourceVersionDate "2001.11.25"]
[SourceQuality "1"]

1. e4 e6 2. d4 d5 3. e5 c5 4. c3 Nc6 5. Nf3 Nh6 6. Be2 Nf5 7. b3 cxd4 8. cxd4 Bb4+ 9. Kf1 Be7 10. Bb2 0-0 11. Na3 f6 12. Nc2 fxe5 13. dxe5 Bc5 14. Qd2 a5 15. Nce1 Bb4 16. Bc3 Be7 17. Rd1 Qb6 18. Nc2 Bc5 19. Bd3 Bd7 20. h3 Kh8 21. Rh2 Nh4 22. Nce1 a4 23. Bc2 axb3 24. axb3 Nf5 25. Nd3 Be7 26. Ke2 Ra2 27. Rhh1 Bg5 28. Nxg5 Rxc2 29. Qxc2 Ncd4+ 30. Kd2 Nxc2 31. Kxc2 Rc8 32. Kb2 Ba4 33. Bb4 Qd4+ 34. Ka3 Bxb3 35. Nc5 Ra8+ 36. Kxb3 Qc4+ 37. Kb2 Ra2+ 0-1

[Event "Moscow-ch"]
[Site "Moscow"]
[Date "2001.??.??"]
[Round "2"]
[White "Ivanov, Victor L"]
[Black "Aliabiev, Boris"]
[Result "1-0"]
[WhiteElo "2451"]
[BlackElo "2146"]
[PlyCount "63"]
[EventDate "2001.??.??"]
[EventType "swiss"]
[EventRounds "9"]
[EventCountry "RUS"]
[SourceTitle "EXT 2002"]
[Source "ChessBase"]
[SourceDate "2001.11.25"]
[SourceVersion "1"]
[SourceVersionDate "2001.11.25"]
[SourceQuality "1"]

1. e4 e6 2. d4 d5 3. Nd2 Nf6 4. e5 Nfd7 5. c3 c5 6. Bd3 Nc6 7. Ne2 cxd4 8. cxd4 f6 9. exf6 Nxf6 10. 0-0 Bd6 11. Nf3 0-0 12. Bf4 Ng4 13. Qd2 Bxf4 14. Nxf4 Qd6 15. g3 Bd7 16. Rae1 Rf6 17. Ng5 g6 18. h3 Nh6 19. Bb5 Nf5 20. Bxc6 Qxc6 21. Nf3 Qb6 22. Ne5 Bb5 23. Ng4 Rf7 24. Rxe6 Qxd4 25. Rd1 Qxd2 26. Rxd2 d4 27. Re5 d3 28. Rxb5 Nd4 29. Nh6+ Kf8 30. Nxf7 Nf3+ 31. Kg2 Nxd2 32. Rxb7 1-0

[Event "RUS-Cup2"]
[Site "Moscow"]
[Date "1996.??.??"]
[Round "7"]
[White "Aliabiev, Boris"]
[Black "Pankratov, Aleksandr Valerievi"]
[Result "0-1"]
[WhiteElo "2210"]
[BlackElo "2310"]
[PlyCount "62"]
[EventDate "1996.11.28"]
[EventType "swiss"]
[EventRounds "9"]
[EventCountry "RUS"]
[SourceTitle "CBM 056 Extra"]
[Source "ChessBase"]
[SourceDate "1997.03.01"]
[SourceVersion "1"]
[SourceVersionDate "1997.03.01"]
[SourceQuality "1"]

1. e4 c5 2. c3 Nf6 3. e5 Nd5 4. Nf3 Nc6 5. Bc4 Nb6 6. Be2 g6 7. d4 cxd4 8. cxd4 Bg7 9. 0-0 d6 10. Bf4 dxe5 11. dxe5 Nd5 12. Bg3 0-0 13. Nbd2 Nc7 14. Nc4 Ne6 15. Rc1 Ned4 16. Nxd4 Nxd4 17. Bf3 Nxf3+ 18. Qxf3 Qd7 19. Qa3 Qe6 20. Na5 Qb6 21. Bh4 Be6 22. Nc4 Qd4 23. Bxe7 Bxc4 24. Rfd1 Qe4 25. f3 Qe2 26. Qd6 Bxa2 27. Bxf8 Rxf8 28. Rd2 Qxe5 29. Qxe5 Bxe5 30. Ra1 Bc4 31. Rxa7 Bf4 0-1

[Event "RUS-Cup2"]
[Site "Moscow"]
[Date "1996.??.??"]
[Round "2"]
[White "Sher, Miron Naumovich"]
[Black "Aliabiev, Boris"]
[Result "1-0"]
[WhiteElo "2475"]
[BlackElo "2210"]
[PlyCount "87"]
[EventDate "1996.11.28"]
[EventType "swiss"]
[EventRounds "9"]
[EventCountry "RUS"]
[SourceTitle "CBM 056 Extra"]
[Source "ChessBase"]
[SourceDate "1997.03.01"]
[SourceVersion "1"]
[SourceVersionDate "1997.03.01"]
[SourceQuality "1"]

1. c4 e6 2. Nf3 Nf6 3. Nc3 Bb4 4. g3 0-0 5. Bg2 d5 6. a3 Be7 7. d4 dxc4 8. Ne5 c5 9. dxc5 Qc7 10. Nxc4 Qxc5 11. Nd2 Nc6 12. 0-0 Rd8 13. e3 e5 14. Qc2 a5 15. Nde4 Nxe4 16. Bxe4 g6 17. Bd2 Be6 18. Rfc1 Rac8 19. Be1 f5 20. Bg2 e4 21. Qa4 Ne5 22. Ne2 Nd3 23. Rxc5 Nxc5 24. Qxa5 Nb3 25. Qe5 Kf7 26. Nd4 Bd5 27. Nxb3 Bf6 28. Qxf6+ Kxf6 29. Nd4 Ke5 30. Bf1 Bc4 31. Bxc4 Rxc4 32. Rd1 Rd5 33. Bc3 Kd6 34. Kf1 Kd7 35. Ke2 Rc8 36. a4 b6 37. Ra1 Ra8 38. Nb5 Kc6 39. Bd4 Kb7 40. b3 Rc8 41. Na3 f4 42. gxf4 Rh5 43. Nc4 Rxh2 44. Nd6+ 1-0